Animals that begin with 'B' - Statistics

General Stats
  • This quiz has been taken 56 times
  • The average score is 4 of 8
Answer Stats
Hint Answer % Correct
Flying mammal Bat
91%
Largest animal on Earth Blue whale
72%
A large mammal- found in the grasslands Bison
63%
A large mammal- found in the grasslands Buffalo
58%
Looks like a racoon Badger
56%
A snake Boa constrictor
56%
A large kind of fish Barracuda
33%
A common bird Blackbird
19%
No matching quizzes found
Score Distribution
Percent of People with Each Score
Percentile by Number Answered
Your Score History
You have not taken this quiz